African Capitals in Alphabetical Order - Statistics

General Stats
  • This quiz has been taken 138 times
  • The average score is 49 of 57
Answers on the Map
Answers color-coded by a green-red scale on the quiz's map according to % correct below.
 
Answer Stats
Answer % Correct
Abuja
100%
Accra
97%
Addis Ababa
97%
Algiers
95%
Antananarivo
92%
Asmara
92%
Bamako
89%
Cape Town
89%
Djibouti
89%
Gaborone
89%
Harare
89%
Juba
89%
Kampala
89%
Luanda
89%
Lusaka
89%
Bangui
87%
Banjul
87%
Bloemfontein
87%
Brazzaville
87%
Cairo
87%
Conakry
87%
Dakar
87%
Dodoma
87%
Khartoum
87%
Kigali
87%
Libreville
87%
Lomé
87%
Maputo
87%
Monrovia
87%
Bissau
84%
Gitega
84%
Kinshasa
84%
Maseru
84%
Mogadishu
84%
Nairobi
84%
Tripoli
84%
Tunis
84%
WIndhoek
84%
Freetown
82%
Mbabane
82%
Moroni
82%
N'Djamena
82%
Niamey
82%
Nouakchott
82%
Ouagadougou
82%
Porto-Novo
82%
Rabat
82%
Victoria
82%
Yamoussoukro
82%
Yaoundé
82%
Lilongwe
79%
Malabo
79%
Port Louis
79%
Pretoria
79%
São Tomé
79%
Cotonou
76%
Praia
74%
No matching quizzes found
Score Distribution
Percent of People with Each Score
Percentile by Number Answered
Your Score History
You have not taken this quiz